00533 2200157 4500001002100000005001500021035002000036007000300056008003900059082002200098084002800120100001700148245014600165260003900311856002500350INLIS00000000000204320200203105931 a0010-0220000060ta200203 | | |  a616.907 259 815 4 a616.907 259 815 4 BAY f0 aBAYU SAPUTRA1 aFaktor-Faktor Yang Berhubungan Dengan Kejadian Penyakit Malaria Di Wilayah Kerja Puskesmas Muara Kumpeh Kabupaten Muaro Jambi /cBAYU SAPTURA aJAMBI :bSTIKES PRIMA JAMBI,c2014 aKesehatan Masyarakat